| 000 | 00635nam a2200181Ia 4500 | ||
|---|---|---|---|
| 008 | 151018s9999 xx 000 0 und d | ||
| 082 |
_bRBASDV60388 _a891.433 |
||
| 100 | _aराकेश भारती | ||
| 245 | _aऐतिहासिक कहानियां | ||
| 250 | _b1 | ||
| 260 |
_b"नीरज बुक सेंटर,दिल्ली" _c2010 |
||
| 300 | _a176 | ||
| 600 | _aराकेश भारती | ||
| 630 | _aऐतिहासिक कहानियां | ||
| 700 | _aराकेश भारती | ||
| 730 | _aऐतिहासिक कहानियां | ||
| 942 | _cBOOK | ||
| 999 |
_c1053924 _d1053921 |
||